| Registos Bibliográficos associados ao registo de autoridade |
|
Etiqueta de registo: 00254nam 2200025 450 001 2154459 003 http://id.bnportugal.gov.pt/bib/catbnp/2154459 010 ## $a978-989-35156-7-9 021 ## $aPT$b520890/23 100 ## $a20240129d2023 k d0pory01030103ba 101 1# $apor$aeng 102 ## $aPT 105 ## $aa b 000yy 106 ## $ar 200 1# $aMater$fVirgínia Fróis, Marta Castelo, Maja Escher$gcuradoria João Rolaça$gtextos Sara Antónia Matos... [et al.]$gfot. Bruno Lopes, Marta Castelo$gtrad. Theodora Bradford... [et al.] 210 #9 $aLisboa$cGalerias Municipais,$d2023 215 ## $a123, [1] p.$cil.$d29 cm 305 ## $aEd. bilingue em português e inglês 675 ## $a730A/Z(=1:469)"19/20"(083.82)$vBN$zpor$31499501 675 ## $a730A/Z(=1:469)"19/20"(042)$vBN$zpor$31905359 702 #1 $aFróis,$bVirgínia$4040$364378 702 #1 $aCastelo,$bMarta,$f1980-$4040$31817924 702 #1 $aEscher,$bMaja,$f1990-$4040$31904952 702 #1 $aRolaça,$bJoão,$f1988-$4273$31797001 702 #1 $aMatos,$bSara Antónia,$f1978-$4070$31253962 702 #1 $aLopes,$bBruno,$f1985-$4600$31392251 702 #1 $aBradford,$bTheodora$4730$31715229 801 #0 $aPT$bBN$gRPC 856 41 $uhttp://rnod.bnportugal.gov.pt/ImagesBN/winlibimg.aspx?skey=&doc=2154459&img=188484&save=true 900 ## $aBIBNAC$d20240306 966 ## $lBN$mFGMON$sB.A. 50520 V.$x1 966 ## $lBN$mFGMON$sB.A. 50520 V.-D$x1 971 ## $cabrito$d20240129 972 ## $e0$z0$d20240306$viquintas 973 ## $ctrodrigues$d20240201
Etiqueta de registo: 00254nam 2200025 450 001 2284501 003 http://id.bnportugal.gov.pt/bib/catbnp/2284501 021 ## $aPT$b555696/25 100 ## $a20260415d2025 m y0pory01030103ba 101 1# $apor 102 ## $aPT 105 ## $aa z 000gy 106 ## $ar 200 1# $aPrimeiro rosto$fMar Becker$gdes. Maja Escher 210 #9 $a[S.l.]$cSr Teste,$d2025 215 ## $a116, [14] p.$cil.$d15 cm 225 2# $aImagem e semelhança$v29 675 ## $a821.134.3(81)-1"20"$vBN$zpor$31094434 700 #1 $aBecker,$bMar,$cpseud.$31874025 702 #1 $aEscher,$bMaja,$f1990-$4440$31904952 801 #0 $aPT$bBN$gRPC 856 41 $uhttp://rnod.bnportugal.gov.pt/ImagesBN/winlibimg.aspx?skey=&doc=2284501&img=221613&save=true 900 ## $aBIBNAC$d20260504 966 ## $lBN$mFGMON$sL. 123819 P.$x1 966 ## $lBN$mFGMON$sL. 123819 P.-D$x1 971 ## $corlando$d20260415 972 ## $e0$z0$d20260504$vlrevez 973 ## $caalmeid$d20260422
|
|
|